| 000 | 00405cam a2200169ua 4500 | ||
|---|---|---|---|
| 020 | _c4.00 | ||
| 041 |
_amal _h |
||
| 082 |
_a923.2 _bMEN/LO |
||
| 100 | _aMenon, M.S . | ||
| 245 |
_aLokamanya Balagangadhara Thilakan / _cM.S.Menon. _hTextual Documents |
||
| 260 |
_aThrissur : _bCurrent Books , _c1970. |
||
| 300 | _a207 ; . | ||
| 365 | _a4.00 | ||
| 504 | _a | ||
| 942 | _cBK | ||
| 999 |
_c723 _d723 |
||